| 000 | 01694nam a2200421 c 4500 | ||
|---|---|---|---|
| 003 | BLK | ||
| 005 | 20180422111530.0 | ||
| 008 | 180409b bul|||||r ||||||| ||bul|| | ||
| 010 | _aKNG00136743000 | ||
| 020 |
_a978-954-8432-40-5 _bиздат.: Книгомания |
||
| 040 | _aBLK | ||
| 041 |
_aBUL _cBUL |
||
| 072 | 7 |
_2bullib _aН70 _xИзкуства Н |
|
| 080 |
_a _b77.03/.04 _x(100)(091) _z77.03/.04(100)(091) |
||
| 080 |
_a _b77.03/.04 _x.071.1(100)(092) _z77.03/.04.071.1(100)(092) |
||
| 080 |
_aБиографии _b929 _x(100) _z929(100) |
||
| 100 | 1 |
_aУилямс, Вал _eпърви автор _9322506 |
|
| 700 | 1 |
_aКрумова, Елена _eпрев. _9373100 |
|
| 139 |
_aУилямс, Вал _bУ 40 |
||
| 245 | 1 | 0 |
_aКое прави фотографията велика _b80 шедьовъра _cВал Уилямс; прев. Елена Крумова. |
| 257 | _aGBR | ||
| 260 |
_аСофия _bКнигомания _c2012 _fотпеч. в Китай |
||
| 300 |
_a224 с. _bс ил. _c13Х18 см |
||
| 380 | _a7 | ||
| 500 | _aБез сведение за ориг. загл. - Съдържа за авт. - Биогр. на фотографи ; Хронология ; Показалец. | ||
| 650 | 4 |
_aФотография _9175953 |
|
| 650 | 4 |
_aФотографи _9175947 |
|
| 653 | _aхудожествена фотография | ||
| 653 | _aфотография | ||
| 653 | _aдокументална фотография | ||
| 653 | _aфотографи | ||
| 659 | _aН | ||
| 852 | _aЦб І 34514 | ||
| 856 | 4 |
_qpdf _u |
|
| 856 | 4 |
_qpdf _u |
|
| 942 |
_cKNG _n0 |
||
| 944 |
_aCR _c07.08.2007 _lф / _kПенка_Димитрова |
||
| 944 |
_aED _c21.07.2015 _lф / _kИрена_Линкова |
||
| 999 |
_c130945 _d130945 |
||